[Event "HUN-chT2 Charousek 1718"]
[Site "Hungary"]
[Date "2018.05.06"]
[Round "9.11"]
[White "Tancsa, Tamas"]
[Black "Kadar, Gabor"]
[Result "1-0"]
[WhiteElo "1924"]
[BlackElo "1987"]
[PlyCount "101"]
[EventDate "2017.10.29"]
[EventType "team-tourn"]
[EventRounds "9"]
[EventCountry "HUN"]
[SourceTitle "EXT 2020"]
[Source "ChessBase"]
[SourceDate "2019.10.17"]
[SourceVersion "1"]
[SourceVersionDate "2019.10.17"]
[SourceQuality "1"]
[WhiteTeam "Paks ASE II"]
[BlackTeam "Komlo Banyasz"]
[WhiteTeamCountry "HUN"]
[BlackTeamCountry "HUN"]

1. e4 c5 2. Nf3 d6 3. d4 cxd4 4. Nxd4 Nf6 5. Nc3 a6 6. f3 e5 7. Nb3 Be6 8. Be3 Nc6 9. Qd2 Be7 10. 0-0-0 0-0 11. Nd5 Bxd5 12. exd5 Nb8 13. g4 Nbd7 14. h4 Nb6 15. Qa5 Nfd7 16. g5 Rc8 17. Qd2 Nc4 18. Bxc4 Rxc4 19. h5 f5 20. g6 h6 21. Kb1 f4 22. Bf2 b6 23. Qd3 Qc8 24. Nd2 Rc7 25. Ne4 b5 26. b3 Nf6 27. Be1 Nxe4 28. Qxe4 Qf5 29. Qxf5 Rxf5 30. Ba5 Rc8 31. Bb4 Rg5 32. Rdg1 Rf8 33. Rxg5 hxg5 34. Kc1 g4 35. fxg4 f3 36. Bd2 e4 37. Be3 Bf6 38. Kd2 Be5 39. Rb1 b4 40. Rg1 Bc3+ 41. Kc1 f2 42. Rf1 Rf3 43. Bb6 Be1 44. Kd1 Rf4 45. Ke2 Rxg4 46. Bxf2 Bc3 47. Rg1 Rf4 48. Bg3 Rf5 49. Bxd6 Rxd5 50. Rd1 Rxh5 51. Be7 1-0

[Event "HUN-chT2 Charousek 1415"]
[Site "Hungary"]
[Date "2014.11.16"]
[Round "2"]
[White "Kadar, Gabor"]
[Black "Palla, Gyorgy"]
[Result "1-0"]
[WhiteElo "2068"]
[BlackElo "2060"]
[PlyCount "77"]
[EventDate "2014.10.12"]
[EventType "team-tourn"]
[EventRounds "9"]
[EventCountry "HUN"]
[SourceTitle "EXT 2016"]
[Source "ChessBase"]
[SourceDate "2015.10.08"]
[SourceVersion "1"]
[SourceVersionDate "2015.10.08"]
[SourceQuality "1"]
[WhiteTeam "Komlo"]
[BlackTeam "Balatonfuered"]
[WhiteTeamCountry "HUN"]
[BlackTeamCountry "HUN"]

1. e4 c5 2. Nf3 d6 3. d4 cxd4 4. Nxd4 Nf6 5. Nc3 a6 6. f4 Qc7 7. Be2 e6 8. 0-0 Be7 9. a4 Bd7 10. Kh1 Nc6 11. Be3 0-0 12. Bf3 Nxd4 13. Bxd4 Bc6 14. a5 Nd7 15. f5 Bf6 16. fxe6 fxe6 17. Bg4 Rae8 18. Qd2 Qd8 19. Rfd1 Be5 20. Bh3 Qf6 21. b4 Qe7 22. Ra3 Qf6 23. Raa1 Rf7 24. Bxe5 Qxe5 25. Re1 Nf6 26. Qe3 g5 27. g3 d5 28. exd5 Qxe3 29. Rxe3 Nxd5 30. Nxd5 Bxd5+ 31. Kg1 Rf6 32. Rae1 Kf7 33. Re5 h6 34. R1e3 Re7 35. Bg4 Rc7 36. Bh5+ Kg7 37. c3 Rf8 38. Bg4 Re8 39. Rxd5 1-0

[Event "HUN-chT2 Charousek 1314"]
[Site "Hungary"]
[Date "2014.02.02"]
[Round "6"]
[White "Kadar, Gabor"]
[Black "Dibusz, Ferenc"]
[Result "1/2-1/2"]
[WhiteElo "2107"]
[BlackElo "2197"]
[PlyCount "35"]
[EventDate "2013.09.08"]
[EventType "team-tourn"]
[EventRounds "11"]
[EventCountry "HUN"]
[SourceTitle "EXT 2016"]
[Source "ChessBase"]
[SourceDate "2015.10.08"]
[SourceVersion "1"]
[SourceVersionDate "2015.10.08"]
[SourceQuality "1"]
[WhiteTeam "Komlo Banyasz"]
[BlackTeam "Geniusz Tata"]
[WhiteTeamCountry "HUN"]
[BlackTeamCountry "HUN"]

1. e4 c5 2. Nc3 g6 3. f4 Bg7 4. Nf3 Nc6 5. Bc4 a6 6. a4 d6 7. 0-0 e6 8. f5 exf5 9. exf5 Bxf5 10. Re1+ Nge7 11. d3 0-0 12. Bg5 Qd7 13. Qd2 d5 14. Ba2 Rfe8 15. Bh6 Nd4 16. Bxg7 Nxf3+ 17. gxf3 Kxg7 18. Qf4 1/2-1/2

[Event "HUN-chT2 Charousek 1314"]
[Site "Hungary"]
[Date "2013.09.08"]
[Round "1"]
[White "Biskopics, Marton"]
[Black "Kadar, Gabor"]
[Result "0-1"]
[WhiteElo "2044"]
[BlackElo "2107"]
[PlyCount "60"]
[EventDate "2013.09.08"]
[EventType "team-tourn"]
[EventRounds "11"]
[EventCountry "HUN"]
[SourceTitle "EXT 2016"]
[Source "ChessBase"]
[SourceDate "2015.10.08"]
[SourceVersion "1"]
[SourceVersionDate "2015.10.08"]
[SourceQuality "1"]
[WhiteTeam "Nagykanizsa II"]
[BlackTeam "Komlo Banyasz"]
[WhiteTeamCountry "HUN"]
[BlackTeamCountry "HUN"]

1. c4 Nf6 2. Nc3 g6 3. g3 Bg7 4. Bg2 c5 5. e4 Nc6 6. Nge2 h5 7. h4 d6 8. d3 Bg4 9. f3 Bd7 10. Be3 a6 11. Qd2 Rb8 12. Rd1 b5 13. b3 e5 14. 0-0 Nd4 15. Nd5 Nxd5 16. cxd5 0-0 17. Kh2 Kh7 18. Bh3 Bxh3 19. Kxh3 f5 20. Nxd4 cxd4 21. Bg5 Qd7 22. Kg2 Rbc8 23. Rc1 fxe4 24. dxe4 Rxc1 25. Rxc1 Rc8 26. Rc2 Rc5 27. Rc1 Qc8 28. Kf1 Rxc1+ 29. Qxc1 Qh3+ 30. Ke2 Qg2+ 0-1

[Event "HUN-chT2 Asztalos 1213"]
[Site "Hungary"]
[Date "2012.11.04"]
[Round "3.6"]
[White "Barta, Sandor"]
[Black "Kadar, Gabor"]
[Result "0-1"]
[WhiteElo "2091"]
[BlackElo "2130"]
[PlyCount "71"]
[EventDate "2012.09.16"]
[EventType "team-tourn"]
[EventRounds "9"]
[EventCountry "HUN"]
[SourceTitle "EXT 2014"]
[Source "ChessBase"]
[SourceDate "2013.11.20"]
[SourceVersion "1"]
[SourceVersionDate "2013.11.20"]
[SourceQuality "1"]
[WhiteTeam "Baja"]
[BlackTeam "Komlo"]
[WhiteTeamCountry "HUN"]
[BlackTeamCountry "HUN"]

1. d4 Nf6 2. e3 g6 3. Bd3 Bg7 4. Ne2 d6 5. Nd2 0-0 6. Ng3 Nc6 7. c3 e5 8. h4 h5 9. Qc2 exd4 10. exd4 Re8+ 11. Kf1 Ng4 12. Nf3 Be6 13. Bg5 Qd7 14. Rd1 Ne7 15. c4 d5 16. c5 b6 17. b4 c6 18. Bf4 a5 19. cxb6 axb4 20. Rb1 c5 21. dxc5 Nc6 22. Bb5 d4 23. Bc4 Qb7 24. Bxe6 Rxe6 25. Ne4 Qa6+ 26. Kg1 d3 27. Qb3 Rxe4 28. g3 Rae8 29. Kg2 Re2 30. Rhf1 Qb7 31. Qxd3 Nd4 32. Rxb4 Ne3+ 33. Bxe3 Qxf3+ 34. Kg1 R8xe3 35. Qa6 Qc6 36. Rxd4 0-1

[Event "HUN-chT2 Asztalos 1112"]
[Site "Hungary"]
[Date "2011.11.13"]
[Round "3.5"]
[White "Kadar, Gabor"]
[Black "Galambos, Menyhert"]
[Result "1-0"]
[WhiteElo "2138"]
[BlackElo "1914"]
[PlyCount "73"]
[EventDate "2011.09.25"]
[EventType "team-tourn"]
[EventRounds "11"]
[EventCountry "HUN"]
[SourceTitle "EXT 2013"]
[Source "ChessBase"]
[SourceDate "2012.11.22"]
[SourceVersion "1"]
[SourceVersionDate "2012.11.22"]
[SourceQuality "1"]
[WhiteTeam "Komlo"]
[BlackTeam "Baja"]
[WhiteTeamCountry "HUN"]
[BlackTeamCountry "HUN"]

1. e4 e6 2. d3 d5 3. Nd2 Nc6 4. g3 Nf6 5. Bg2 Bc5 6. Ne2 0-0 7. 0-0 a5 8. h3 b6 9. e5 Nd7 10. Nb3 Be7 11. d4 a4 12. Nd2 b5 13. Kh2 Nb6 14. f4 Na5 15. Nf3 b4 16. c3 b3 17. a3 Nac4 18. Ne1 Bxa3 19. Rxa3 Nxa3 20. bxa3 Nc4 21. Nd3 Qe7 22. f5 f6 23. exf6 gxf6 24. Nef4 Rb8 25. Nxd5 Qf7 26. fxe6 Bxe6 27. Rxf6 Qxf6 28. Nxf6+ Rxf6 29. d5 Bf5 30. Nb2 Nxa3 31. Qd4 Rg6 32. Qxa4 Nc2 33. Bf4 Rg7 34. d6 cxd6 35. Bd5+ Kh8 36. Bxd6 Bd7 37. Qf4 1-0

[Event "HUN-chT2 Asztalos 1011"]
[Site "Hungary"]
[Date "2010.10.10"]
[Round "3.4"]
[White "Szijarto, Andras"]
[Black "Kadar, Gabor"]
[Result "0-1"]
[WhiteElo "2105"]
[BlackElo "2163"]
[PlyCount "58"]
[EventDate "2010.09.12"]
[EventType "team-tourn"]
[EventRounds "11"]
[EventCountry "HUN"]
[SourceTitle "EXT 2012"]
[Source "ChessBase"]
[SourceDate "2011.11.24"]
[SourceVersion "1"]
[SourceVersionDate "2011.11.24"]
[SourceQuality "1"]
[WhiteTeam "Nagyatad"]
[BlackTeam "Komlo"]
[WhiteTeamCountry "HUN"]
[BlackTeamCountry "HUN"]

1. d4 Nf6 2. Bf4 g6 3. e3 Bg7 4. Bd3 d6 5. c3 Nc6 6. Qc2 e5 7. dxe5 dxe5 8. Bg5 h6 9. Bxf6 Qxf6 10. Nd2 Be6 11. Bb5 0-0 12. Bxc6 bxc6 13. Ne2 Qe7 14. 0-0 f5 15. e4 f4 16. f3 Rfd8 17. Rfd1 Qc5+ 18. Kh1 Qe3 19. Nf1 Qb6 20. b3 Bf8 21. Nc1 a5 22. Nd3 Bg7 23. Nd2 Rd7 24. Nc4 Bxc4 25. bxc4 Rad8 26. h3 Qe3 27. Nb2 Rd2 28. Qb3 Qf2 29. Rxd2 Rxd2 0-1

[Event "Pecs Karmin Cup 3rd"]
[Site "Pecs"]
[Date "2010.06.22"]
[Round "5"]
[White "Kadar, Gabor"]
[Black "Nogradi, Gabor"]
[Result "1-0"]
[WhiteElo "2163"]
[BlackElo "2069"]
[PlyCount "53"]
[EventDate "2010.06.18"]
[EventType "swiss"]
[EventRounds "9"]
[EventCountry "HUN"]
[SourceTitle "CBM 137 Extra"]
[Source "ChessBase"]
[SourceDate "2010.09.01"]
[SourceVersion "1"]
[SourceVersionDate "2010.09.01"]
[SourceQuality "1"]

1. e4 c5 2. Nf3 e6 3. d4 cxd4 4. Nxd4 a6 5. Nc3 Qc7 6. g3 d6 7. Bg2 Bd7 8. 0-0 Nc6 9. a4 Rc8 10. Kh1 Nf6 11. f4 Be7 12. Nb3 b6 13. g4 0-0 14. g5 Ne8 15. f5 Ne5 16. Nd4 Qc5 17. fxe6 fxe6 18. Rxf8+ Bxf8 19. Bh3 Nc7 20. Nce2 Re8 21. c3 g6 22. b3 Nc6 23. Be3 Qe5 24. Bg2 b5 25. Qd2 Rb8 26. Nxc6 Bxc6 27. Bd4 1-0

[Event "Pecs Karmin Cup 3rd"]
[Site "Pecs"]
[Date "2010.06.18"]
[Round "1"]
[White "Kadar, Gabor"]
[Black "Gerecs, Istvan"]
[Result "0-1"]
[WhiteElo "2163"]
[BlackElo "1909"]
[PlyCount "80"]
[EventDate "2010.06.18"]
[EventType "swiss"]
[EventRounds "9"]
[EventCountry "HUN"]
[SourceTitle "CBM 137 Extra"]
[Source "ChessBase"]
[SourceDate "2010.09.01"]
[SourceVersion "1"]
[SourceVersionDate "2010.09.01"]
[SourceQuality "1"]

1. e4 c6 2. d4 d5 3. e5 Bf5 4. Be3 h5 5. h4 e6 6. Be2 Bg6 7. Nd2 Ne7 8. Nh3 Nf5 9. Bg5 Be7 10. Bxe7 Qxe7 11. Nf4 Nxd4 12. Nxg6 fxg6 13. Bd3 Nf5 14. Nf3 Qb4+ 15. Kf1 Qe7 16. c4 Nd7 17. cxd5 exd5 18. Nd4 0-0 19. Nxf5 gxf5 20. Qxh5 Qxe5 21. Re1 Qf6 22. Rh3 Ne5 23. Bc2 Rae8 24. f4 Qg6 25. Qg5 Qxg5 26. hxg5 Ng4 27. Ra3 a6 28. Rg3 g6 29. Rxe8 Rxe8 30. Rxg4 fxg4 31. Bxg6 Re3 32. Kf2 d4 33. g3 Rf3+ 34. Ke2 Kg7 35. Bd3 b5 36. b4 Re3+ 37. Kd2 Rxg3 38. f5 Re3 39. f6+ Kf7 40. Be2 Rxe2+ 0-1

[Event "HUN-chT2 Asztalos 0910"]
[Site "Hungary"]
[Date "2010.02.28"]
[Round "7"]
[White "Kadar, Gabor"]
[Black "Oltean, Gusztav"]
[Result "1-0"]
[WhiteElo "2196"]
[BlackElo "2133"]
[PlyCount "95"]
[EventDate "2009.11.08"]
[EventType "team-tourn"]
[EventRounds "11"]
[EventCountry "HUN"]
[SourceTitle "EXT 2011"]
[Source "ChessBase"]
[SourceDate "2010.11.26"]
[SourceVersion "1"]
[SourceVersionDate "2010.11.26"]
[SourceQuality "1"]
[WhiteTeam "Komlo"]
[BlackTeam "Veszprem"]
[WhiteTeamCountry "HUN"]
[BlackTeamCountry "HUN"]

1. d4 Nf6 2. Nf3 g6 3. Nc3 d5 4. Bf4 Bg7 5. h4 h5 6. e3 Bg4 7. Qd2 Bxf3 8. gxf3 c6 9. 0-0-0 e6 10. e4 Nbd7 11. Bh3 Nb6 12. Qd3 Qe7 13. Kb1 Qb4 14. a3 Qa5 15. e5 Nc4 16. exf6 Bxf6 17. Bc1 b5 18. Na2 Be7 19. Bxe6 fxe6 20. Qxg6+ Kd7 21. Rhe1 e5 22. Nb4 Bxb4 23. axb4 Qxb4 24. dxe5 Rae8 25. Qg7+ Re7 26. e6+ Kc7 27. Bf4+ Kb7 28. Qxh8 Na3+ 29. Ka2 Nxc2 30. Qb8+ Ka6 31. Qc8+ Kb6 32. Qb8+ Ka6 33. Qd6 Qc4+ 34. Kb1 Nxe1 35. Qa3+ Kb6 36. Be3+ c5 37. Rxe1 d4 38. Bd2 b4 39. Qa4 Qd3+ 40. Qc2 Qxf3 41. Bg5 d3 42. Qd2 Re8 43. e7 Kb5 44. Qf4 Qd5 45. Qe4 Qd7 46. Rc1 Rc8 47. Qc4+ Kb6 48. Rd1 1-0